=LDR 00000nam 2200000 4500 =001 INLIS000000000040617 =005 20130612150159 =008 ***********************************ind** =035 ##$$0010-061300000040617 =041 ##$$a ind =082 ##$$a 641.3 =090 ##$$a 641.3 , Sut,h =100 ##$$a SUTOMO, Budi =245 ##$$a Hidangan faforit ayam, Budi sutomo =260 ##$$a 2008 $b Jakarta =300 ##$$a 48.hlm. , Illus , 21cm =650 ##$$a MASAKAN AYAM - RESEP =850 ##$$a NBPNMAT